000 01971nam0a2200325 4500
001 RU\NLR\bibl\1714974
005 20260408011421.0
010 _a978-5-902063-48-3
021 _aRU
_b2010-91616
_96162
035 _a(NLR Aleph) 001705988
090 _a1250167
_c1250167
100 _a20101216d2010 |||y0rusy50 ca
101 0 _arus
102 _aRU
105 _aa |||||||||
200 1 _aVII Российская ежегодная конференция молодых научных сотрудников и аспирантов "Физико-химия и технология неорганических материалов", 8-11 ноября 2010 г.
_eсборник материалов
210 _aМосква
_cИнтерконтакт Наука
_d2010
215 _a543 с.
_cил.
_d29
300 _aВ надзаг.: Рос. акад. наук, Отд-ние химии и наук о материалах, Учреждение Рос. акад. наук Ин-т металлургии и материаловедения им. А.А. Байкова РАН
313 _aв ГАК нет
320 _aБиблиогр. в конце докл.
606 1 _aНеорганические материалы
_jСъезды, совещания и т.п.
_xПроизводство
_91709137
_3RU\NLR\auth\66761593
606 1 _aНеорганические материалы
_jСъезды, совещания и т.п.
_xФизико-химические свойства
_92174289
_3RU\NLR\auth\661307751
686 _aЛ20я431(2)
710 1 2 _a"Физико-химия и технология неорганических материалов", российская конференция молодых научных сотрудников и аспирантов
_d7
_eМосква
_f2010
_9842255
_3RU\NLR\AUTH\8810173205
801 0 _aRU
_bNLR
_c20101216
_gRCR
801 1 _aRU
_bNLR
_c20101216
942 _cBOOK
980 _aNB